Statistiques concernant Mots italien

Cliquez ici pour prendre le quiz!

Statistiques générales

  • Ce quiz a été pris 314 fois
  • Le résultat moyen est 38 sur 286

Statistiques - réponses

HintRéponse% Correct
cheveuxcapelli
89%
yeuxocchi
80%
bouchebocca
70%
neznaso
70%
dentsdenti
68%
mainmano
68%
tetetesta
68%
languelingua
63%
frontfronte
56%
coeurcuore
54%
jambegamba
52%
brasbraccio
50%
piedpiede
50%
DoucheDoccia
49%
une douchedoccia
49%
Salle de bainBagno
48%
oreillesorecchie
44%
une maisoncasa
43%
sangsangue
43%
doigtdito
41%
le téléphonetelefono
41%
barbebarba
40%
le litletto
39%
oeilocchio
39%
peaupelle
38%
coucollo
37%
une porteporta
35%
un appartementappartamento
32%
le savon | un savonsapone
32%
SavonSapone
32%
cerveaucervello
31%
la cléchiave
31%
la lumièreluce
31%
le balconbalcone
30%
dedansdentro
30%
Se laverLavarsi
30%
se laverlavarsi
30%
mentonmento
30%
un murmuro
30%
epaulesspalle
30%
estomacstomaco
30%
vaginvagina
30%
ososso
29%
ouvriraprire
28%
fermerchiudere
28%
modernemoderno
28%
la télévisiontelevisione
28%
dehorsfuori
27%
un jardingiardino
27%
salivesaliva
27%
une cuisinecucina
26%
une fenêtrefinestra
26%
ShampooingShampoo
25%
le shampooingshampoo
25%
une tabletavolo
25%
genouginocchio
23%
intestinintestino
23%
ventrepancia
23%
articulationarticulazione
21%
gorgegola
21%
une chaisesedia
21%
un réveilsveglia
21%
vomivomito
21%
sourcilssopracciglia
20%
veinevena
20%
BidetBidè
19%
cilsciglia
19%
un canapédivano
19%
un fourforno
19%
nerfnervo
19%
un toittetto
19%
un vasevaso
19%
ParfumProfumo
18%
urineurine
18%
un placardarmadio
17%
construirecostruire
17%
reinsreni
17%
dosschiena
17%
GlaceSpecchio
17%
un miroirspecchio
17%
la saleté | salesporco
17%
jouesguance
16%
chevillecaviglia
15%
coudegomito
15%
l’étagepiano
15%
un tapistappeto
15%
DentifriceDentifricio
14%
essuyer | nettoyerpulire
14%
le parkingparcheggio
13%
poitrinepetto
13%
un second étagesecondo piano
13%
s’asseoirsedersi
13%
seinstette
13%
Se maquillerTruccarsi
13%
un oreillercuscino
12%
le premier étageprimo piano
12%
Se parfumerProfumarsi
12%
le propriétaireproprietario
12%
une chambrestanza
12%
se réveillersvegliarsi
12%
un tiroir | un tiroircassetto
11%
un frigidaire, frigofrigorifero
11%
allumeraccendere
10%
se leveralzarsi
10%
le buffetbuffet
10%
sombrebuio
10%
la couverture | une couverturecopertura
10%
prendre une douchefare una doccia
10%
un meublemobile
10%
paupièrespalpebre
10%
Se peserPesarsi
10%
réparerriparare
10%
ongleunghia
10%
aissellesascelle
9%
les couvertscoperti
9%
cuissecoscia
9%
un garagegarage
9%
en hautin alto
9%
en basin basso
9%
une lampelampada
9%
un balaiscopa
9%
une serviette | une serviette (de toilette)asciugamano
8%
un couloircorridoio
8%
foiefegato
8%
se laver les dentslavarsi i denti
8%
nombrilombelico
8%
poignetpolso
8%
un radiateurradiatore
8%
RasoirRasoio
8%
le loyeraffitto
7%
hanchesanche
7%
moustachebaffi
7%
l’évier | un lavabolavandino
7%
LavaboLavandino
7%
un tableauquadro
7%
Rouge à lèvresRossetto
7%
une étagère, un rayonscaffale
7%
spacieux/spacieusespazioso
7%
éteindrespegnere
7%
un rideautenda
7%
un aspirateuraspirapolvere
6%
une cavecantina
6%
une cuillèrecucchiaio
6%
lèvrelabbro
6%
un lave-lingelavatrice
6%
un micro-ondesmicroonde
6%
PeignePettine
6%
la poussièrepolvere
6%
RobinetRubinetto
6%
un robinetrubinetto
6%
ÉpongeSpugna
6%
BaignoireVasca da bagno
6%
une baignoirevasca da bagno
6%
Se sécherAsciugarsi
5%
une cheminéecamino
5%
fesseschiappe
5%
prendre un bainfare un bagno
5%
machoiremandibola
5%
(Se) peignerPettinarsi
5%
propreproprio
5%
rénoverrinnovare
5%
BrosseSpazzola
5%
une brossespazzola
5%
tétonscapezzoli
4%
un immeubleedificio
4%
un rez-de-chausséepiano terra
4%
PeignoirAccappatoio
3%
s’endormiraddormentarsi
3%
ouvrir les rideauxaprire le tende
3%
ServietteAsciugamani
3%
avant-brasavambrasso
3%
Papier toiletteCarta igienica
3%
un bolciotola
3%
confortableconfortevole
3%
un congélateurcongelatore
3%
une ampoulelampadina
3%
Balance/pèse personnePesa persone
3%
une salle à mangersala da pranzo
3%
un salonsalotto
3%
un greniersoffitta
3%
(Se) brosserSpazzolarsi
3%
le solsuolo
3%
un bureauufficio
3%
se coucherandare a letto
2%
Gel doucheBagnoschiuma
2%
une cours / une arrière-courscorso
2%
faire le ménagefare le pulizie
2%
Prendre une doucheFarsi la doccia
2%
un fer à repasserferro da stiro
2%
un lave-vaissellelavastoviglie
2%
un matelasmaterasso
2%
passer l’aspirateurpassare l’aspirapolvere
2%
Sels de bainSali da bagno
2%
Brosse à dentSpazzolino da denti
2%
repasserstirare
2%
une tuiletegola
2%
tirer les rideauxtirare le tende
2%
un verrevetro
2%
orteilalluce
1%
un ouvre bouteilleapribottiglie
1%
un ouvre boîteapriscatole
1%
une armoirearmadio di servizio
1%
les voletsaspetti
1%
une poubellebidone della spazzatura
1%
une chambre d’enfantscamera per bambini
1%
une sonnettecampanello
1%
une boîte aux lettrescassetta delle lettere
1%
une commodecassettiera
1%
Poudre pour le visageCipria
1%
un coussincuscino di protezione
1%
des escaliersdelle scale
1%
faire la lessivefare il bucato
1%
Prendre un bainFarsi il bagno
1%
Se savonnerInsaponarsi
1%
un interrupteurinterruttore di sicurezza
1%
un draplenzuolo da letto
1%
une poignéemaniglia
1%
le plafondmassimale
1%
Ombre à paupièresOmbretto
1%
une horlogeorologio da polso
1%
BlaireauPennello da barba
1%
une piècepezzo
1%
le portailportale
1%
rangerranger
1%
une clôturerecinzione
1%
remplir le lave-vaisselleriempire la lavastoviglie
1%
Chauffe eauScaldabagno
1%
Se rincerSciacquarsi
1%
un seausecchio
1%
un fauteuilsedia a rotelle
1%
un tabouretsgabello
1%
une haiesiepe
1%
une salle de bainsstanza da bagno
1%
étendre le lingestendere il bucato
1%
une poêlestufa
1%
tondre la pelousetagliare il prato
1%
Tapis de bainTappetino
1%
un storetenda da sole
1%
les storestende da sole
1%
une couettetrapunta
1%
un cintreun appendiabiti
1%
un ventilateurventilatore da soffitto
1%
ToilettesWater
1%
un paillassonzerbino
1%
à la maison, chez soia casa, in casa propria
0%
Armoire à pharmacie/de toilettesArmadietto
0%
un hallatrio
0%
les tâches ménagèresattività di casa
0%
une assiettebase imponibile
0%
une bouilloirebollitore per il tè
0%
le papier peintcarta da parati
0%
le dentifriceentifricio
0%
faire du bricolagefare del fai da te
0%
jardinerfare del giardinaggio
0%
faire le repassagefare la stiratura
0%
Se raserFarsi la barba
0%
une fourchetteforcella
0%
un mixeurfrullatore di
0%
le climatiseuril condizionatore d’aria
0%
une buanderielavanderia
0%
laver par terre, passer la serpillièrelavare a terra
0%
faire la vaissellelavare i piatti da casa
0%
une casserolepentola da cucina
0%
poussiéreux/poussiéreusepolverosa
0%
SavonnettePortasapone
0%
la pelouseprato di prato
0%
une prise de courantpresa di corrente
0%
faire le ménage de fond / ménage de printempspulizia di fondo/ pulizia di primavera
0%
le chauffage centralriscaldamento centralizzato
0%
une serrureserratura di sicurezza
0%
balayerspazzare
0%
une nappetovaglia di carta
0%
une cage d’escalierstromba delle scale
0%
ustensiles de cuisineutensili per la cucina
0%
une alléevicolo
0%

Distribution des résultats

Percentile par nombre de réponses

% des personnes avec chaque résultat

Votre développement - résultats

Vous n’avez pas pris ce quiz